"MONEY MADNESS (THE SYCHOLOGY OF SAVING, SPENDING, LOVING & HATING MONEY)" (Record no. 381256)

MARC details
000 -LEADER
fixed length control field 00609nam a2200181Ia 4500
008 - FIXED-LENGTH DATA ELEMENTS--GENERAL INFORMATION
fixed length control field 100122s9999 xx 000 0 und d
082 ## - DEWEY DECIMAL CLASSIFICATION NUMBER
Item number 68010
Classification number 150
100 ## - MAIN ENTRY--PERSONAL NAME
Personal name GOLDBERG HERB
245 ## - TITLE STATEMENT
Title "MONEY MADNESS (THE SYCHOLOGY OF SAVING, SPENDING, LOVING & HATING MONEY)"
260 ## - PUBLICATION, DISTRIBUTION, ETC. (IMPRINT)
Name of publisher, distributor, etc NEW AMERICAN LIBRARY
Date of publication, distribution, etc 1979
300 ## - PHYSICAL DESCRIPTION
Extent 216
520 ## - SUMMARY, ETC.
Summary, etc PSYCHOLOGY
620 ## -
-- PSYCHOLOGY
630 ## - SUBJECT ADDED ENTRY--UNIFORM TITLE
Uniform title "MONEY MADNESS (THE SYCHOLOGY OF SAVING, SPENDING, LOVING & HATING MONEY)"
700 ## - ADDED ENTRY--PERSONAL NAME
Personal name LEWIS ROBERT T
730 ## - ADDED ENTRY--UNIFORM TITLE
Uniform title "MONEY MADNESS (THE SYCHOLOGY OF SAVING, SPENDING, LOVING & HATING MONEY)"
942 ## - ADDED ENTRY ELEMENTS (KOHA)
Koha item type Book
Holdings
Withdrawn status Lost status Damaged status Not for loan Home library Current library Date acquired Cost, normal purchase price Total Checkouts Full call number Barcode Date last seen Cost, replacement price Price effective from Koha item type Public note
        S.V. Pathak Library, Vile Parle S.V. Pathak Library, Vile Parle 09/01/2005 80.00   68010 SVPPARLE-68010 01/25/2010 80.00 01/25/2010 Book ", , General, NA"